000 00619nam a22002057a 4500
003 UA-OsUOA
001 9934
007 ta
008 20041129b un ||||| |||| 00| 0 ukr d
100 _aКрикуненко В.
942 _cSA
040 _aUA-OsUOA
_bukr
_cUA-OsUOA
_dUA-OsUOA
245 _aГерой поеми - син поета
_b[ Про поему В.Сосюри " Мій син " ]
300 _aС.7
955 _a0
041 _aukr
044 _aUA
773 0 _w0
_tЛітературна Україна
_dКиїв
_d2004
_g№46 /25листоп./
650 7 _aЛітературознавство
_2UDC
999 _c296095
_d296095